00852nab a2200205 uc450000100070000000500170000700800410002403500110006503500210007604000130009704100080011024502190011865000340033765000330037165000240040465000340042865000360046265000290049877301190052770676020240523091050.0011123s1955 spa  a706760 a(OCoLC)819923912 ccomduadb aspa10aDireccion de Educacion Publica de Antioquia Jefatura de Ensenanza Secundaria y Primaria 1955 : planteles antioquenos de ensenanza secundaria que tienen aprobados sus estudios por el Ministerio de Educacion Nacional aEducacion publica - Antioquia 7aEducación secundaria2lemb aColegios - Medellin aEscuelas normales - Antioquia aEstablecimientos de enseñanza aAcreditación educativa0 tEducación Antioqueña (Medellín)gVol. 03, No. 01, Abr. 1955/Educacion Antioquena, p. 127-129w6881410217905